El cuerpo en juego /

Este texto, que contiene numerosos juegos y aprendizajes, quiere ser un puente por el que transite nuestra experiencia. De esta manera, ya deja de ser nuestra para que sea del que la quiera tomar, tocar, transformar, desordenar, utilizar. Traemos la palabra “cuerpo” para nombrar al hombre íntegro, p...

Full description

Bibliographic Details
Main Author: Tripodi, Edgardo
Other Authors: Garzón, Gabriel
Format: Libro
Language:Spanish
Published: Buenos Aires Lumen 1999
Series:Humanitas
Subjects:
Online Access:

MARC

LEADER 00000cam a2200000 a 4500
001 014117
003 UAHC_CL
005 20170803121110.0
008 170411s1999 ag 000 spa
020 |a 950724977X 
040 |a UAHC_CL  |c UAHC_CL  |d UAHC_CL 
082 0 4 |a 370.118  |b T835  |2 20 
100 1 |a Tripodi, Edgardo 
245 1 3 |a El cuerpo en juego /  |c Edgardo Tripodi, Gabriel Garzón. 
260 |b Lumen  |a Buenos Aires  |c 1999 
300 |a 142 p. 
490 0 |a Humanitas 
520 |a Este texto, que contiene numerosos juegos y aprendizajes, quiere ser un puente por el que transite nuestra experiencia. De esta manera, ya deja de ser nuestra para que sea del que la quiera tomar, tocar, transformar, desordenar, utilizar. Traemos la palabra “cuerpo” para nombrar al hombre íntegro, protagonista, “sentipensante” (según dice Eduardo Galeano). La palabra “juego” es una invitación a explorar, a ensayar, a transitar con ciertos permisos la realidad y a develarla revelándola. El aprendizaje, para nosotros, es un grito que va buscando la identidad. 
650 4 |a GRUPOS DE TRABAJO 
650 4 |a DINAMICA DE GRUPO  |x ENSEÑANZA 
650 4 |a PEDAGOGIA 
650 4 |a DINAMICA DE GRUPO  |x METODOLOGIA 
653 |a TRABAJO SOCIAL 
653 |a PEDAGOGIA EN EDUCACION BASICA 
700 1 |a Garzón, Gabriel 
900 |a 370.118 TRIC 
942 |c BK 
952 |0 0  |1 0  |4 0  |6 370_118000000000000_TRIC  |7 0  |8 General  |9 28277  |a BC  |b BC  |c General  |d 2017-08-03  |l 0  |o 370.118 TRIC  |p 1350797  |r 2026-01-13 00:00:00  |t 1  |w 2017-08-03  |y BK 
999 |c 14117  |d 14117